Реальность и пустота Разбор романа Виктора Пелевина "Чапаева и Пустоты"

Elmentve itt :
Bibliográfiai részletek
Szerző: Sinkó Mónika Teréz
További közreműködők: Bagi Ibolya (Témavezető)
Dokumentumtípus: Szakdolgozat
Megjelent: 2011
Tárgyszavak:
Online Access:http://diploma.bibl.u-szeged.hu/133174
LEADER 00848nta a2200193 i 4500
001 dipl133174
005 20230324094645.0
008 230322s2011 hu om 0|| rus d
040 |a SZTE Diploma Repozitórium  |b hun 
041 |a rus 
100 1 |a Sinkó Mónika Teréz 
245 1 0 |a Реальность и пустота Разбор романа Виктора Пелевина "Чапаева и Пустоты"  |h [elektronikus dokumentum] /  |c Mónika Teréz Sinkó 
246 1 0 |a Valóság és üresség Viktor Pelevin Az agyag géppuska című regényének elemzése  |h [elektronikus dokumentum] 
260 |c 2011 
650 4 |a Bölcsészettudományok 
650 4 |a Humanities 
650 4 |a Languages and Literature 
700 1 |a Bagi Ibolya  |e ths 
856 4 0 |u https://diploma.bibl.u-szeged.hu/id/eprint/133174/1/2011_sinko_monika_terez.pdf  |z Dokumentum-elérés